Missing Word: Matthews Quiz Stats

 Plays Quiz Updated Dec 15, 2017

Challenge
Share
Tweet
Embed
Score 0/20 Timer 03:00
0 Plays Today
Hint Missing Word % Correct
Matthew MacfadyenPride
97.5%
Matthew LillardScooby
94.3%
Matthew MacfadyenHood
92%
Matthew McConaugheyConfused
91.7%
Matthew FoxWorld
90.2%
Matthew LillardThat
88.7%
Matthew McConaugheyThunder
88.3%
Matthew McConaugheyLose
88.3%
Matthew MacfadyenAnna
88.3%
Matthew FoxPoint
86.5%
Hint Missing Word % Correct
Matthew McConaugheyBuyers
85.7%
Matthew MacfadyenDeath
80%
Matthew McConaugheyTime
75.1%
Matthew FoxSpeed
73.3%
Matthew LillardWithout
64.1%
Matthew FoxMarshall
54.1%
Matthew MacfadyenMusketeers
54.1%
Matthew LillardCurve
35.2%
Matthew FoxCross
29.1%
Matthew LillardPark
22.3%

Today's Daily Dose

Missing Word
US Newspapers

Word Ladder
Shawn Mendes

On This Day
October 18th II

You're not logged in!

Compare scores with friends on all Sporcle quizzes.
Join for Free
OR
Log In

You Might Also Like...

Show Comments

Extras

Top Quizzes Today


Score Distribution

Your Account Isn't Verified!

In order to create a playlist on Sporcle, you need to verify the email address you used during registration. Go to your Sporcle Settings to finish the process.

Report this User

Report this user for behavior that violates our Community Guidelines.

Details: